V životnom kríži pomôže Červený kríž

Bibliographic Details
Main Author: Čižmáriková, Katarína (Author)
Corporate Author: Slovenský Červený kríž (Author)
Format: Article
Language:Slovak
Subjects:

MARC

LEADER 00000nab a2200000 a 4500
001 vtls000892355
003 SK-MaSNL
005 20260305013926.0
008 040720e19941031xo 0 slo
035 |a KE1393 
040 |a KEVKJB  |b slo  |c KEVKJB  |e AACR2 
041 0 |a slo 
044 |a xo  |c SK 
080 |a 362.5  |2 1981 
080 |a 614.885  |2 1981 
100 1 |a Čižmáriková, Katarína  |4 aut  |9 268712 
245 1 0 |a V životnom kríži pomôže Červený kríž 
610 2 7 |a Slovenský Červený kríž  |2 KEVKJB  |9 29683 
650 0 7 |a azylové domy  |2 KEVKJB  |9 2399 
650 0 7 |a otvorenie  |2 KEVKJB  |9 765696 
651 7 |a Bocatiova ulica (Košice, Slovensko)  |2 KEVKJB  |9 1059987 
651 7 |a Košice (Slovensko)  |2 KEVKJB  |9 18694 
651 7 |a KE,  |2 KEVKJB  |9 877256 
651 7 |a KE,  |2 KEVKJB  |9 877256 
655 7 |a periodikum  |2 snkbucl  |9 29553 
710 2 |a Slovenský Červený kríž  |4 aut  |9 29683 
773 0 8 |t Korzo  |g Roč. 1  |g Roč. 28, č.37, 31.10.1994, s. 3 
852 |a ZVYKNI  |b KIS3GCP 
999 |c 3266713  |d 3268643